|
|
|
|
| LEADER |
00000nas a2200000 a 4500 |
| 001 |
vtls010646700 |
| 003 |
SK-MaSNL |
| 005 |
20260228161140.0 |
| 008 |
200401s18301831xr q p 000 0 cze |
| 040 |
|
|
|a SNK
|b slo
|c NB
|e AACR2
|
| 041 |
0 |
|
|a cze
|
| 044 |
|
|
|a xr
|c CZ
|
| 072 |
|
7 |
|a 79
|x Rekreácia. Voľný čas. Zábavy. Hry. Šport
|2 konspekt
|
| 080 |
|
|
|a 79
|2 2001
|
| 245 |
0 |
0 |
|a Čechoslaw
|b Wsseobecný Zábawnjk
|
| 260 |
|
|
|a W Praze a Hradci Králowé
|b Pjsmem a nákladem Jana H. Pospjssila, činného auda českého národnjho museum
|c 1830-1831
|
| 300 |
|
|
|a 1 zv.
|c 20 cm
|
| 310 |
|
|
|a 4x ročne
|
| 362 |
0 |
|
|a Roč. I. (1830), sv. 1-4
|
| 561 |
|
|
|a Okrúhla pečiatka: Dar Martina Hamuljaka Matici slovenskej
|5 SNK ČD 1232/1830
|
| 561 |
|
|
|a Okrúhla pečiatka: Knižnica Matice slovenskej Martin
|5 SNK ČD 1232/1830
|
| 650 |
0 |
7 |
|a zábava
|2 snkph
|9 3354
|
| 655 |
|
7 |
|a časopisy
|2 snkph
|9 76610
|
| 700 |
1 |
|
|a Hamuljak, Martin,
|d 1789-1859
|4 fmo
|5 SNK ČD 1232/1830
|9 79936
|
| 710 |
0 |
|
|a Pospíšil, Jan Hostivít (Praha, Česko)
|4 pbl
|9 268081
|
| 752 |
|
|
|a Česko
|d Praha
|
| 752 |
|
|
|a Česko
|d Hradec Králové
|
| 852 |
|
|
|a snk
|b Historické fondy
|p ČD 1232/1830
|
| 910 |
|
|
|a snk
|
| 999 |
|
|
|c 4486
|d 6416
|
| 952 |
|
|
|0 0
|1 0
|4 0
|7 0
|8 5
|a SNK
|b SNK
|c SNK_HF
|d 2015-01-14
|f 1
|i snkF 511/83
|l 0
|o snkČD 1232/1830
|p 17A1126921
|r 2026-02-21 22:34:49
|t Ham 434
|w 2026-02-21
|y PREZ
|